| 000 | 00737nam a2200145 a 4500 | ||
|---|---|---|---|
| 008 | 070607s2005 ||||||||||||||||| || u | ||
| 050 | _aTHESIS/STUDENT | ||
| 100 | _aChikwa, Martin | ||
| 245 | 1 | 0 |
_aSafety education and training in the Zambian Construction Industry _cThesis Supervised by Mr. P. M. Mukalula |
| 260 |
_aKitwe _bCopperbelt University, School of Built Environment, Department of Building Science _c2005 |
||
| 350 | _a0.00 | ||
| 650 | _aSAFETY EDUCATION--ZAMBIAN CONSTRUCTION INDUSTRY: TRAINING--ZAMBIAN CONSTRUCTION INDUSTRY | ||
| 650 | _aBUILDING | ||
| 995 |
_D0.00 _FCBU-MAIN LIBRARY (Kitwe) _H1 _I0.00 _M1 _UAVAILABLE _WJun 7, 2007 _ZUniversity Collection |
||
| 999 |
_c56897 _d56897 |
||